Quizzes
Events
Quiz Creation
Community
Videos
Private Events
Remove Ads
Sign In
Join for FREE
Feedback
Dark Mode
Quiz Categories
Sports
Geography
Music
Movies
Television
Just For Fun
Miscellaneous
History
Literature
Language
Science
Gaming
Entertainment
Religion
Holiday
For Kids
Quiz Lab
Recent
Popular Today
Quiz Kudos Today
Editor Picks
Curator Picks
Quizzes by...
Day
Popularity
Type
Ratings
Length
Year
Community
Subscriptions
Recent Discussions
Orange Saloon
Badges
Playlists
Quests
Create
Leaderboards
Showdown
Live 5
Trivia Bingo
Activity
Puzzle Library
Sporcle Events
Private Events
Virtual Trivia
Globe League
Become a Host
Pub Owners
SporcleCon
Opinionation
Our Games
Videos
Blog
Mobile Apps
Partnerships
Remove Ads and Go Orange
Feedback
Movies
Disney
Marvel Cinematic Universe
Movie Resume
Movie Titles
Oscar
Actor
Actress
Director
Pixar
Role
Movie Quotes
Movie Characters
Box Office
Nominee
Best Picture
Star Wars
James Bond
Horror Movies
Movies
Disney
Marvel Cinematic Universe
Movie Resume
Movie Titles
Oscar
Actor
Actress
Director
Pixar
Role
Movie Quotes
Movie Characters
Box Office
Nominee
Best Picture
Star Wars
James Bond
Horror Movies
Random Quiz
Search Sporcle
×
Quiz Lab
Quiz Lab
Movies
Actor
Type in answers that appear in a list
Type in answers that appear in a list
Classic
Best Score? Go Orange.
Comedies Starting with 'D' Stats
Can you name the Comedies Starting with 'D'?
By
dmaland2
5m
23 Questions
190 Plays
190 Plays
190 Plays
Comments
Comments
Give Quiz Kudos
Give Quiz Kudos
-
- Ratings
hide this ad
Replay
Link that replays current quiz
Next Quiz
Link to next quiz in quiz playlist
You Got
0%
They Got
Avg Score
26%
Avg Friend Score
Upgrade to see
Score Distribution
Jump to the score distribution portion of the page
Score
0/23
Timer
05:00
0
Plays Today
Actor-Year
Movie
% Correct
Jeff Daniels-
1994
Dumb and Dumber
66.8%
Steve Carell-
2007
Dan in Real Life
45.3%
Jason London-
1993
Dazed and Confused
42.1%
Vince Vaughn-
2004
Dodgeball: A True Underdog Story
38.4%
Jason Mewes-
1999
Dogma
37.4%
Eddie Murphy-
1998
Doctor Dolittle
36.3%
Rob Schneider-
1999
Deuce Bigalow: Male Gigolo
31.1%
Kevin Kline-
1993
Dave
28.4%
George C. Scott-
1964
Dr Strangelove or : How I Learned to Stop Worrying and Love the Bomb
27.9%
Mark-
Paul Gosselaar-
1998
Dead Man on Campus
25.3%
Edward Furlong-
1999
Detroit Rock City
24.2%
Leslie Nielson-
1995
Dracula: Dead and Loving It
24.2%
Actor-Year
Movie
% Correct
Jeff Garlin-
2003
Daddy Day Care
24.2%
Chris Rock-
2001
Down to Earth
24.2%
Walter Matthau-
1993
Dennis the Menace
20%
Michael Caine-
1988
Dirty Rotten Scoundrels
18.4%
Ryan Reynolds-
2008
Definitely, Maybe
16.8%
Renee Zellweger-
2003
Down with Love
16.3%
Marlon Wayans-
1996
Don't be a Menace to South Central While Drinking Your Juice in the Hood
15.3%
Adrian Grenier-
1999
Drive Me Crazy
13.7%
Joshua Jackson-
1994
D2: The Mighty Ducks
13.2%
Kirsten Dunst-
1999
Drop Dead Gorgeous
10.5%
Dan Aykroyd-
1987
Dragnet
10%
Quiz Playlist
Details
Report
Send in Message
Add To Playlist
Classic:
Type in answers that appear in a list
Quiz Source
Last Updated: Feb 16, 2017
Quiz Scoreboard
CHALLENGE
Sign Up to Join the Scoreboard
Show All
Scores
Hide
Comments
May contain spoilers
Recently Published
Movies - When Are They Set?
by FPL_Elf
Movies
5m
Popular People in 1961
by mucciniale
History
6m
1-10 Letter E Words III
by El_Dandy
Language
2m
More to Explore
Quiz From the Vault
Featured Blog Post
Where Did the Easter Bunny Come From?
hide this ad
You Might Also Like...
Tags
Actor Quiz
Comedy
Starting
Today's Top Quizzes in Movies
Browse Movies
hide this ad
Today's Top Quizzes in Actor
Browse Actor
Top Contributed Quizzes in Movies
1
Pick 5 Posters: Directed by Spielberg
2
Multi-Oscar Nominations, One Movie, One Winner
3
One Thing in Common: Movies
4
12 Movies about Fictional 1960s Events
5
One Thing in Common: Movies II
6
Sunday Crossword: Film Score Composers
7
Three Word 'H' Movies Match Up
8
Three Word 'T' Movies Match Up
9
One Thing in Common: Oscars
10
Three Word 'M' Movies Match Up
Explore More
Trending Topics
Crossword
Kpop
NBA
Marvel
Harry Potter
Anime
Disney
Pokémon
The Office
NFL
Song
Puzzle
Country
WWE
Soccer
hide this ad
More By:
dmaland2
Quiz
Plays
Rating
Category
Featured
Created
Kung Fu Panda Voices
649
5.00
Movies
Oct 29, 2009
Comedies Starting with 'D'
190
3.00
Movies
Oct 26, 2009
Go to Creator's Profile
Score Distribution
Quiz Creator Spotlight
dmaland2
Follow
Send a Message
Quizzes Created
-
Created Quiz Play Count
-
More By This Creator
Popular Quizzes Today
1
Find the Countries of Europe - No Outlines Minefield
2
Find the US States - No Outlines Minefield
3
The Countries of the World
4
Popular People in 1961
5
US States
6
1-10 Letter E Words III
7
Find the US States
8
One Thing in Common: World Cities II
More Movies Quizzes
Actors Best Known Movies II
Quiz Lab
Trending Quizzes
Risky Map Clicking: Least Populous States A-Z
1-10 Letter F Words
Humor Books: The Subtitles
1-10 Letter G Words
One Thing in Common: United Kingdom
Recently Updated
Leaping Animals
pecheneg
Reality TV Shows (A-Z)
bhenderson79
Rickey Henderson's Hall of Fame Teammates
pecheneg
Champions League XIs: Arsenal
pecheneg
Quick Pick: Celebrities in WWE's Hall of Fame
aduchscher
A-Z Keypad Blitz II
pecheneg
Multiple Oscar Actors
pecheneg
Mystery Phrase Blitz: Oscar 'Best Actors'
pecheneg
F. Scott Fitzgerald Novels
LTH
Pick 3 Villains
ddd62291
Trending Topics
Marvel
Anime
Disney
Crossword
NBA
Harry Potter
Kpop
Soccer
WWE
The Office
Country
Pokémon
Puzzle
NFL
Song
Your Account Isn't Verified!
In order to create a playlist on Sporcle, you need to verify the email address you used during registration. Go to your
Sporcle Settings
to finish the process.
Report this User
Report this user for behavior that violates our
Community Guidelines
.
Details:
Send Report
Go to the Sporcle.com Mobile Site →
Comments